000 00648nam a2200265Ia 4500
005 20260121170702.0
008 008 260114s9999 xx 000 0 eng d
020 _a9783319980201
037 _aEBOOK
040 _aCRL
040 _beng
040 _cCRL
041 _2eng
041 _aeng
084 _qCRL
100 _aBurkhard Corves, Philippe Wenger, Mathias Hüsing
_91066916
245 0 _aEuCoMeS 2018
260 _bSpringer
260 _bSpringer
260 _c2019
856 _uhttps://link.springer.com/openurl?genre=book&isbn=978-3-319-98020-1
942 _cEBOOK
999 _c1632646
_d1632646